000 00353nam a2200145 i 4500
001 bg
100 1 _aROUZ-INS, A.
245 0 _aVvedenie w fiziku sverchprovodimosti /
_cA. Rouz-ins, E. Rodernik.
260 _aMoskwa,
_c1972.
700 1 _aRODERNIK, E.
040 _cBPK
041 _apol
942 _cKS
008 s pl f |000 0 pol
999 _c14906
_d14906
856 _uhttp://koha.tu.koszalin.pl/cgi-bin/koha/opac-detail.pl?biblionumber=14906
_yKatalog online BPK